ProtoView

Bibliographic Details
Format: Electronic Newspaper
Language:English
Published: Beaverton, Oregon : Ringgold
Subjects:
Online Access:Full text available from Research Library: 02/01/2014 to present

MARC

LEADER 00000nas a2200000 i 4500
001 ssj0001507121
003 WaSeSS
005 20200512172242.0
006 m d
007 cr n
008 150506c20uu9999oruwr n|s|||||| |0eng d
022 |a 2372-3424 
035 |a (WaSeSS)ssj0001507121 
040 |a WaSeSS  |b eng  |c WaSeSS  |d WaSeSS 
050 4 |a QA76.76.W56 
245 0 0 |a ProtoView  |h [electronic resource]. 
260 |a Beaverton, Oregon :  |b Ringgold 
310 |a Weekly 
506 |a License restrictions may limit access. 
588 |a Description based on: Volume 1 (1/5) (February 2014); title from title screen (ProQuest, viewed May 6, 2015). 
588 |a Latest issue consulted: Volume 2 (17) (May 5, 2015) (viewed May 6, 2015). 
650 0 |a Windows (Computer programs)  |v Periodicals. 
655 0 |a Electronic journals. 
856 4 0 |z Full text available from Research Library: 02/01/2014 to present  |u https://search.proquest.com/publication/2032681